00317nam a2200133Ia 4500008004100000020001800041041000800059082001500067100001400082245003200096260003200128300000900160650001400169260223s2025 xx 000 0 und d a9789354659393 aeng a610.73/CLE aClement I aGaneral Nursing & Midwifery aNew DelhibJAYPEE,Pubc2025 a506P aMidwifery